[Event "Cattolica d'Estate op-A 2nd"]
[Site "Cattolica"]
[Date "2022.06.03"]
[Round "9"]
[White "Castigliola, Diego"]
[Black "Piangerelli, Michele"]
[Result "0-1"]
[WhiteElo "2084"]
[BlackElo "2078"]
[PlyCount "74"]
[EventDate "2022.05.30"]
[EventType "swiss"]
[EventRounds "9"]
[EventCountry "ITA"]
[SourceTitle "EXT 2023"]
[Source "ChessBase"]
[SourceDate "2022.10.05"]
[SourceVersion "1"]
[SourceVersionDate "2022.10.05"]
[SourceQuality "1"]

1. e4 c5 2. Nf3 e6 3. d4 cxd4 4. Nxd4 Nf6 5. Nc3 Nc6 6. Nxc6 bxc6 7. e5 Nd5 8. Ne4 Qc7 9. Be3 Qxe5 10. Qd4 Qxd4 11. Bxd4 f5 12. Nd2 c5 13. Be5 d6 14. Bg3 f4 15. Bh4 h6 16. f3 Ne3 17. Rc1 g5 18. Bf2 Nxf1 19. Kxf1 Ba6+ 20. c4 Bg7 21. b3 Kd7 22. h4 Bb7 23. Ke2 g4 24. Rhd1 g3 25. Bg1 Bf6 26. Ne4 Bxe4 27. fxe4 Kc6 28. h5 Rhg8 29. Rd3 Rg5 30. Rcd1 Be5 31. b4 cxb4 32. c5 dxc5 33. Rd7 Bd4 34. Re7 Bxg1 35. Rxe6+ Kb5 36. Rxg1 Rxh5 37. Kf3 Rf8 0-1

[Event "Cattolica d'Estate op-A 2nd"]
[Site "Cattolica"]
[Date "2022.06.03"]
[Round "8"]
[White "Mohamed, Anees M"]
[Black "Castigliola, Diego"]
[Result "1-0"]
[WhiteElo "2209"]
[BlackElo "2084"]
[PlyCount "103"]
[EventDate "2022.05.30"]
[EventType "swiss"]
[EventRounds "9"]
[EventCountry "ITA"]
[SourceTitle "EXT 2023"]
[Source "ChessBase"]
[SourceDate "2022.10.05"]
[SourceVersion "1"]
[SourceVersionDate "2022.10.05"]
[SourceQuality "1"]

1. d4 d5 2. Nf3 Nf6 3. c4 c6 4. Nc3 e6 5. g3 Bd6 6. Bg2 Nbd7 7. 0-0 0-0 8. Nd2 Bc7 9. e4 dxc4 10. Nxc4 e5 11. d5 Nb6 12. Nxb6 Bxb6 13. dxc6 bxc6 14. Qa4 Qd4 15. h3 Qxa4 16. Nxa4 Bd4 17. Re1 Ba6 18. Be3 Rab8 19. Bxd4 exd4 20. e5 Nd5 21. Bxd5 cxd5 22. Rac1 Rb4 23. b3 Bc8 24. Kg2 Bf5 25. Rc5 d3 26. Nc3 Rd8 27. f3 Rd4 28. Nb5 Rb4 29. Nd6 Bg6 30. Rxd5 h5 31. Kf2 h4 32. g4 Rb6 33. Nf5 Rxd5 34. Ne7+ Kf8 35. Nxd5 Ra6 36. a4 Rc6 37. Ke3 Rc2 38. f4 f5 39. exf6 gxf6 40. f5 Bf7 41. Kxd3 Rh2 42. Nf4 Rf2 43. Ne6+ Kg8 44. Re3 Rb2 45. Kc4 Rg2 46. Kd4 Rd2+ 47. Rd3 Rg2 48. b4 Rb2 49. Kc5 Re2 50. Kd6 Rc2 51. Ke7 Bxe6 52. fxe6 1-0

[Event "Cattolica d'Estate op-A 2nd"]
[Site "Cattolica"]
[Date "2022.06.01"]
[Round "5"]
[White "Franciosi, Fausto"]
[Black "Castigliola, Diego"]
[Result "1/2-1/2"]
[WhiteElo "2204"]
[BlackElo "2084"]
[PlyCount "45"]
[EventDate "2022.05.30"]
[EventType "swiss"]
[EventRounds "9"]
[EventCountry "ITA"]
[SourceTitle "EXT 2023"]
[Source "ChessBase"]
[SourceDate "2022.10.05"]
[SourceVersion "1"]
[SourceVersionDate "2022.10.05"]
[SourceQuality "1"]

1. d4 d5 2. c4 c6 3. Nf3 Nf6 4. Qc2 e6 5. g3 Bd6 6. Bg2 Nbd7 7. 0-0 0-0 8. Nbd2 e5 9. cxd5 Nxd5 10. Nc4 Bc7 11. Ncxe5 Nxe5 12. dxe5 Qe7 13. e4 Nb6 14. Bg5 Qb4 15. a3 Qc4 16. Rac1 Qxc2 17. Rxc2 Re8 18. h3 h6 19. Bf4 Be6 20. Nd4 Rad8 21. Nxe6 Rxe6 22. Be3 Bxe5 23. Rfc1 1/2-1/2

[Event "Cattolica d'Estate op-A 2nd"]
[Site "Cattolica"]
[Date "2022.05.31"]
[Round "2"]
[White "Castigliola, Diego"]
[Black "Carnicelli, Valerio"]
[Result "0-1"]
[WhiteElo "2084"]
[BlackElo "2319"]
[PlyCount "42"]
[EventDate "2022.05.30"]
[EventType "swiss"]
[EventRounds "9"]
[EventCountry "ITA"]
[SourceTitle "EXT 2023"]
[Source "ChessBase"]
[SourceDate "2022.10.05"]
[SourceVersion "1"]
[SourceVersionDate "2022.10.05"]
[SourceQuality "1"]

1. e4 c5 2. Nf3 Nc6 3. d4 cxd4 4. Nxd4 e6 5. c4 Nf6 6. Nc3 Bb4 7. f3 d5 8. cxd5 exd5 9. Bb5 0-0 10. Bxc6 bxc6 11. e5 Re8 12. Nxc6 Bxc3+ 13. bxc3 Qb6 14. Nd4 Rxe5+ 15. Kf2 Ba6 16. Re1 Rxe1 17. Qxe1 Re8 18. Qd1 Qc7 19. Bg5 Qxc3 20. Rc1 Qa3 21. Qb3 Qd6 0-1

[Event "Cattolica d'Estate op-A 2nd"]
[Site "Cattolica"]
[Date "2022.05.31"]
[Round "3"]
[White "Kanyamarala, Trisha"]
[Black "Castigliola, Diego"]
[Result "1-0"]
[WhiteElo "2127"]
[BlackElo "2084"]
[PlyCount "65"]
[EventDate "2022.05.30"]
[EventType "swiss"]
[EventRounds "9"]
[EventCountry "ITA"]
[SourceTitle "EXT 2023"]
[Source "ChessBase"]
[SourceDate "2022.10.05"]
[SourceVersion "1"]
[SourceVersionDate "2022.10.05"]
[SourceQuality "1"]

1. d4 d5 2. c4 c6 3. Nf3 Nf6 4. Qb3 dxc4 5. Qxc4 Bf5 6. g3 e6 7. Bg2 Nbd7 8. 0-0 Bd6 9. Nc3 h6 10. Re1 Bh7 11. e4 e5 12. Be3 0-0 13. Rad1 Qc7 14. Nh4 b5 15. Qd3 exd4 16. Bxd4 Ne5 17. Qc2 a6 18. f4 Neg4 19. Qc1 Bb4 20. h3 c5 21. Bxf6 Nxf6 22. e5 Nh5 23. Bxa8 Rxa8 24. Nd5 Qa7 25. Nxb4 cxb4+ 26. Qe3 Qe7 27. Qf3 Qa7+ 28. Kh2 g6 29. e6 fxe6 30. Rxe6 Ng7 31. Red6 Re8 32. Rd8 Qe7 33. Rxe8+ 1-0

[Event "Anti Cheating Blitz Cup"]
[Site "Chess.com INT"]
[Date "2020.05.20"]
[Round "4"]
[White "Bettalli, Francesco"]
[Black "Castigliola, Diego"]
[Result "1-0"]
[WhiteElo "2208"]
[BlackElo "1837"]
[PlyCount "143"]
[EventDate "2020.05.20"]
[EventType "swiss (blitz)"]
[EventRounds "11"]
[EventCountry "USA"]
[SourceTitle "CBM 196 Extra"]
[Source "ChessBase"]
[SourceDate "2020.07.31"]
[SourceVersion "1"]
[SourceVersionDate "2020.07.31"]
[SourceQuality "1"]

1. e4 c5 2. Nf3 d6 3. d4 cxd4 4. Qxd4 Nc6 5. Bb5 Bd7 6. Bxc6 Bxc6 7. Nc3 Nf6 8. Bg5 Qc7 9. 0-0-0 0-0-0 10. Rhe1 Kb8 11. e5 Ne8 12. exd6 Nxd6 13. Kb1 f6 14. Bh4 e5 15. Qd2 Be7 16. Nd5 Bxd5 17. Qxd5 Nf5 18. Qe4 Nxh4 19. Nxh4 Rxd1+ 20. Rxd1 Rd8 21. Rd5 Rxd5 22. Qxd5 Qd6 23. Qf3 g6 24. a3 f5 25. g3 e4 26. Qb3 Bxh4 27. gxh4 Qd7 28. Qg8+ Kc7 29. Qc4+ Kb8 30. Qc5 b6 31. Qe5+ Kb7 32. h5 Kc6 33. hxg6 hxg6 34. Qf6+ Qd6 35. Qc3+ Qc5 36. Qg3 Qd6 37. Qg5 Qd1+ 38. Ka2 Qd5+ 39. b3 Qe6 40. Qf4 Kb7 41. a4 Qc6 42. Kb2 Qf6+ 43. c3 Qd8 44. h4 Qd3 45. Qe3 Qxe3 46. fxe3 Kc6 47. c4 Kc5 48. Kc3 a5 49. Kc2 Kb4 50. Kb2 Kc5 51. Kc3 Kc6 52. Kd4 Kd6 53. Kc3 Ke5 54. Kc2 f4 55. exf4+ Kxf4 56. Kd2 Kf3 57. Ke1 Ke3 58. b4 Kd4 59. c5 bxc5 60. bxa5 Kd5 61. Kd2 Kc6 62. Ke3 Kb7 63. Kxe4 Ka6 64. Kd5 Kxa5 65. Kxc5 Kxa4 66. Kd5 Kb5 67. Ke5 Kc6 68. Kf6 Kd6 69. Kxg6 Ke6 70. h5 Ke7 71. h6 Kf8 72. h7 1-0

[Event "Anti Cheating Blitz Cup"]
[Site "Chess.com INT"]
[Date "2020.05.20"]
[Round "9"]
[White "Castigliola, Diego"]
[Black "Regondi, Lorenzo"]
[Result "0-1"]
[WhiteElo "1837"]
[BlackElo "2066"]
[PlyCount "91"]
[EventDate "2020.05.20"]
[EventType "swiss (blitz)"]
[EventRounds "11"]
[EventCountry "USA"]
[SourceTitle "CBM 196 Extra"]
[Source "ChessBase"]
[SourceDate "2020.07.31"]
[SourceVersion "1"]
[SourceVersionDate "2020.07.31"]
[SourceQuality "1"]

1. e4 e5 2. Nf3 Nc6 3. Bc4 Bc5 4. d3 a6 5. 0-0 Ba7 6. c3 d6 7. d4 Nf6 8. dxe5 Nxe5 9. Nxe5 dxe5 10. Qxd8+ Kxd8 11. Bg5 Ke7 12. Nd2 Be6 13. Bxe6 Kxe6 14. Bxf6 Kxf6 15. Rad1 Rad8 16. g3 Ke6 17. Kg2 Rd3 18. Nf3 Rxd1 19. Rxd1 f6 20. Nh4 g6 21. f4 exf4 22. gxf4 Be3 23. Kf3 Bb6 24. Rd3 c6 25. f5+ gxf5 26. Nxf5 Rd8 27. Nd4+ Kf7 28. Rd2 c5 29. Nb3 c4 30. Nd4 Bc7 31. Kg4 Re8 32. Kf3 Rd8 33. Rg2 Be5 34. Rd2 b5 35. h3 b4 36. Kg4 bxc3 37. bxc3 Rg8+ 38. Kf3 Rg3+ 39. Ke2 Rxc3 40. Nc6 Rxh3 41. Rd7+ Ke6 42. Rd8 Rh2+ 43. Kd1 Rxa2 44. Nb8 Bxb8 45. Rxb8 a5 46. Rb6+ 0-1